000 00642nam a2200217 a 4500
001 73443
003 BD-RjUL
005 20211209082409.0
008 170531s1965 nyua b 001 0 eng d
035 _a(BD-RjUL)73661
040 _aDLC
_cODaWU
_dBD-RjUL
_beng
041 _aeng
082 _a621.55
_223
_bLEF 1965
100 1 _aLewin, Gerhard S.
_9217244
245 1 0 _aFundamentals of vacuum science and technology /
_c[by] Gerhard Lewin.
260 _aNew York :
_bMcGraw-Hill,
_c1965
300 _axiii, 248 p. :
_bill. ;
_c23 cm.
504 _aIncludes bibliographies and index
650 0 _aVacuum technology.
_9217245
942 _2ddc
_cBK
999 _c73443
_d73443